<?xml version="1.0" encoding="UTF-8"?>
<collection xmlns="http://www.loc.gov/MARC21/slim">
 <record>
  <leader>00472pamaa2200169   4500</leader>
  <controlfield tag="001">0000016088</controlfield>
  <controlfield tag="005">20060323090000.0</controlfield>
  <datafield tag="020" ind1="0" ind2="0">
   <subfield code="a">0070355460 </subfield>
  </datafield>
  <datafield tag="082" ind1=" " ind2=" ">
   <subfield code="a">540 KRO 1990</subfield>
  </datafield>
  <datafield tag="090" ind1="0" ind2="0">
   <subfield code="a">QD33 </subfield>
   <subfield code="b">KRO 1990</subfield>
  </datafield>
  <datafield tag="100" ind1="1" ind2="0">
   <subfield code="a">KROSCHWITZ </subfield>
  </datafield>
  <datafield tag="245" ind1="1" ind2="0">
   <subfield code="a">Chemistry : </subfield>
   <subfield code="b">general, organic, biological  </subfield>
   <subfield code="c">Jacqueline I. Kroschwitz and Melvin Winokur.</subfield>
  </datafield>
  <datafield tag="250" ind1="0" ind2="0">
   <subfield code="a">2nd ed.</subfield>
  </datafield>
  <datafield tag="260" ind1="0" ind2="0">
   <subfield code="a">New York: </subfield>
   <subfield code="b">McGraw Hill, </subfield>
   <subfield code="c">1990.</subfield>
  </datafield>
  <datafield tag="300" ind1=" " ind2=" ">
   <subfield code="a">xv, 916p.: </subfield>
   <subfield code="b">26cm.</subfield>
  </datafield>
  <datafield tag="650" ind1="0" ind2="0">
   <subfield code="a">Chemistry </subfield>
  </datafield>
  <datafield tag="700" ind1="1" ind2="1">
   <subfield code="a">Winokur, </subfield>
   <subfield code="h">Melvin </subfield>
  </datafield>
 </record>
</collection>
